000 00817nam a22001697a 4500
003 OSt
005 20241204105642.0
008 240626b |||||||| |||| 00| 0 eng d
041 _aEnglish
082 _aPM/IBRD/16 Acc.No.9165 C.1
110 _aMinister of Petroleum (Hon. Emmanuel Armah Kofi Buah)
245 _aParliamentary Memorandum by Hon. Emmanuel Armah-Kofi Buah (MP) Minister for Petroleum and Hon. Seth Terpker Minister for Finance on the Indemnity Agreements in Support of $500 Million World Bank IDA Guarantee and $200 Million World Bank IBRD Guarantee for Development of the Sankofa Gye Nyame Oil and Gas Project
260 _aAccra:
_bParliament of Ghana,
_c2016.
300 _a8p:, tabs
653 _a1. Sankofa Gye Nyame Oil and Gas Project 2. World Bank IDA, IBRD Guarantee
942 _2ddc
_cMOU
_n0
999 _c4088
_d4088